LEADER 02414oam 2200661zu 450 001 996211257603316 005 20230329211824.0 035 $a(CKB)111055184257812 035 $a(SSID)ssj0000393654 035 $a(PQKBManifestationID)12104504 035 $a(PQKBTitleCode)TC0000393654 035 $a(PQKBWorkID)10372962 035 $a(PQKB)11117054 035 $a(EXLCZ)99111055184257812 100 $a20160829d2002 uy 101 0 $aeng 181 $ctxt 182 $cc 183 $acr 200 10$a2002 IEEE International Symposium on Biomedical Imaging : proceedings : July 7-10, 2002, Ritz-Carlton Hotel, Washington, D.C., USA 210 31$a[Place of publication not identified]$cIEEE$d2002 300 $aBibliographic Level Mode of Issuance: Monograph 311 $a0-7803-7584-X 606 $aImage Processing, Computer-Assisted 606 $aDiagnostic Imaging 606 $aImage Interpretation, Computer-Assisted 606 $aDiagnosis, Computer-Assisted 606 $aComputing Methodologies 606 $aDiagnostic Techniques and Procedures 606 $aDiagnosis 606 $aInformation Science 606 $aDecision Making, Computer-Assisted 606 $aMedical Informatics Applications 606 $aMedical Informatics 606 $aRadiology, MRI, Ultrasonography & Medical Physics$2HILCC 606 $aMedicine$2HILCC 606 $aHealth & Biological Sciences$2HILCC 615 2$aImage Processing, Computer-Assisted 615 2$aDiagnostic Imaging 615 2$aImage Interpretation, Computer-Assisted 615 2$aDiagnosis, Computer-Assisted 615 2$aComputing Methodologies 615 2$aDiagnostic Techniques and Procedures 615 2$aDiagnosis 615 2$aInformation Science 615 2$aDecision Making, Computer-Assisted 615 2$aMedical Informatics Applications 615 2$aMedical Informatics 615 7$aRadiology, MRI, Ultrasonography & Medical Physics 615 7$aMedicine 615 7$aHealth & Biological Sciences 712 02$aInstitute of Electrical and Electronics Engineers 712 02$aIEEE Signal Processing Society 801 0$bPQKB 906 $aPROCEEDING 912 $a996211257603316 996 $a2002 IEEE International Symposium on Biomedical Imaging : proceedings : July 7-10, 2002, Ritz-Carlton Hotel, Washington, D.C., USA$92515183 997 $aUNISA LEADER 01760oam 2200493I 450 001 9910709679303321 005 20180523132303.0 035 $a(CKB)5470000002471440 035 $a(OCoLC)1037100355 035 $a(EXLCZ)995470000002471440 100 $a20180523j198211 ua 0 101 0 $aeng 135 $aur||||||||||| 181 $ctxt$2rdacontent 182 $cc$2rdamedia 183 $acr$2rdacarrier 200 10$aAPQ-102 imaging radar digital image quality study $efinal technical report /$fCarroll R. Griffin, James M. Estes 210 1$aHouston, TX :$cNational Aeronautics and Space Administration, Lyndon B. Johnson Space Center,$dNovember 1982. 215 $a1 online resource (ix, 108 pages) $cillustrations 225 1 $aNASA/CR ;$v171738 300 $a"11 November 1982 final report 1 November 1981-31 October 1982." 320 $aIncludes bibliographical references (pages 107-108). 517 $aAPQ-102 imaging radar digital image quality study 606 $aDigital data$2nasat 606 $aImage processing$2nasat 606 $aComputer compatible tapes$2nasat 606 $aAperture radar$2nasat 606 $aSide-looking radar$2nasat 615 7$aDigital data. 615 7$aImage processing. 615 7$aComputer compatible tapes. 615 7$aAperture radar. 615 7$aSide-looking radar. 700 $aGriffin$b Carroll R.$01405203 702 $aEstes$b James M. 712 02$aLyndon B. Johnson Space Center, 712 02$aUniversity of Texas at Austin.$bApplied Research Laboratories. 801 0$bGPO 801 1$bGPO 801 2$bGPO 906 $aBOOK 912 $a9910709679303321 996 $aAPQ-102 imaging radar digital image quality study$93481248 997 $aUNINA